000 00528nam a2200181Ia 4500
999 _c14714
_d14714
003 OSt
005 20201019104811.0
008 190216s9999||||xx |||||||||||||| ||und||
020 _a9780198078319
040 _coclc
082 _a305.0954
_bGUR/C
100 _aGuru, Gopal
_95874
245 4 _aThe Cracked Mirror /
_cGopal Guru ; Sundar Sarukkai
260 _bOxford University Press,
_c2012.
_aNew Delhi:
300 _a248p
650 _aEnglish
942 _cBK
_2ddc
_h305.0954
_iGUR/C
_k305.0954
_mGUR/C